000 00712nam a2200289Ia 4500
005 20260324132433.0
008 008 260324s9999 xx 000 0 eng d
020 _a9781410611079
037 _aEBOOK
040 _aCRL
040 _beng
040 _cCRL
041 _2eng
041 _aeng
084 _qCRL
100 _aLinda J. Baker; Lawrence A. Welkowitz
_91189267
245 0 _aAsperger's Syndrome
245 0 _bIntervening in Schools, Clinics, and Communities
260 _bTaylor and Francis
260 _c2004
365 _a
365 _b67.99
856 _uhttp://www.taylorfrancis.com/books/9781410611079
942 _cEBOOK
999 _c1787395
_d1787395